KOHA-Header-6

Science and Sustainability (Record no. 5910)

000 -LEADER
fixed length control field 00267nam a2200109Ia 4500
008 - FIXED-LENGTH DATA ELEMENTS--GENERAL INFORMATION
fixed length control field 190906s9999||||xx |||||||||||||| ||und||
100 ## - MAIN ENTRY--PERSONAL NAME
Personal name Tariq Hussain
245 #0 - TITLE STATEMENT
Title Science and Sustainability
260 ## - PUBLICATION, DISTRIBUTION, ETC. (IMPRINT)
Place of publication, distribution, etc Karachi
Name of publisher, distributor, etc RB Publishers
Date of publication, distribution, etc 2016
300 ## - PHYSICAL DESCRIPTION
Extent 455
942 ## - ADDED ENTRY ELEMENTS (KOHA)
Koha item type Books
Holdings
Withdrawn status Lost status Source of classification or shelving scheme Damaged status Not for loan Collection code Permanent Location Current Location Shelving location Date acquired Full call number Barcode Date last seen Price effective from Koha item type
          English Literature MAJU MAJU Shelf No.A13 2019-09-06 500.89 3617 2019-09-06 2019-09-06 English Literature

Powered by Koha